[Event "US Amateur West-ch"]
[Site "Palo Verde"]
[Date "2003.05.25"]
[Round "4"]
[White "Ostapuk, Steve"]
[Black "Hao, David"]
[Result "0-1"]
[WhiteElo "1624"]
[BlackElo "1492"]
[PlyCount "66"]
[EventDate "2003.05.24"]
[EventType "swiss"]
[EventRounds "6"]
[EventCountry "USA"]
[SourceTitle "EXT 2014"]
[Source "ChessBase"]
[SourceDate "2013.11.20"]
[SourceVersion "1"]
[SourceVersionDate "2013.11.20"]
[SourceQuality "1"]

1. d4 g6 2. Bf4 Bg7 3. Nf3 d6 4. e3 Nd7 5. h3 c5 6. c3 a6 7. Be2 b5 8. 0-0 Bb7 9. Nbd2 Ngf6 10. Qc2 0-0 11. Rad1 Rc8 12. a3 Nd5 13. Bg3 b4 14. c4 cxd4 15. Nxd4 bxa3 16. bxa3 N5b6 17. Qa2 Na4 18. Rc1 Nac5 19. Rfd1 Rc7 20. Bf3 Bxf3 21. N2xf3 Qc8 22. Nd2 Nd3 23. Rb1 N7e5 24. Bh4 Re8 25. Rdc1 d5 26. Bg3 dxc4 27. f4 c3 28. fxe5 cxd2 29. Qxd2 Bxe5 30. Rxc7 Qxc7 31. Bxe5 Nxe5 32. Qe2 Qc3 33. a4 Qd3 0-1